[Event "Madrid Chamartin op 6th"]
[Site "Madrid"]
[Date "2017.09.07"]
[Round "6"]
[White "Algaba Traspuesto, Jose Antonio"]
[Black "Di Pietro Moreno, Fatima"]
[Result "1-0"]
[WhiteElo "1566"]
[BlackElo "1403"]
[PlyCount "107"]
[EventDate "2017.09.04"]
[EventType "swiss"]
[EventRounds "9"]
[EventCountry "ESP"]
[SourceTitle "CBM 180 Extra"]
[Source "ChessBase"]
[SourceDate "2017.10.06"]
[SourceVersion "1"]
[SourceVersionDate "2017.10.06"]
[SourceQuality "1"]

1. d4 d5 2. Bf4 Nf6 3. e3 e6 4. Nd2 c5 5. c3 Qb6 6. Qb3 c4 7. Qxb6 axb6 8. Be2 b5 9. Ngf3 Nc6 10. 0-0 b4 11. h3 Be7 12. Ne5 0-0 13. f3 Nh5 14. Bh2 Bh4 15. f4 Ng3 16. Bxg3 Bxg3 17. Nxc6 bxc6 18. cxb4 Rb8 19. a3 Bh4 20. Nf3 Bd8 21. Ne5 Rb6 22. Rfc1 f6 23. Nf3 Bc7 24. b3 cxb3 25. Rcb1 Bd6 26. Rxb3 Bd7 27. Rc3 Ra8 28. Rb1 Rc8 29. Nd2 e5 30. fxe5 fxe5 31. Nf3 exd4 32. exd4 Re8 33. Bd3 Bf4 34. Rf1 Be3+ 35. Kh2 Bf4+ 36. g3 Bd6 37. Kg2 h6 38. Rf2 Rf8 39. Rcc2 Ra8 40. Ra2 Rb7 41. Rfb2 Rba7 42. Rb3 Rb8 43. Rbb2 Rba8 44. Rb3 Rb8 45. Bb1 c5 46. dxc5 Bxc5 47. Ne5 Bd6 48. Nxd7 Rxd7 49. b5 Bc5 50. a4 Rdb7 51. Bd3 Ra8 52. a5 Bd6 53. a6 Rb6 54. Rc2 1-0

[Event "San Sebastian de los Reyes op 17th"]
[Site "San Sebastian"]
[Date "2015.11.30"]
[Round "1"]
[White "Di Pietro Moreno, Fatima"]
[Black "Hernandez Ramos, David"]
[Result "0-1"]
[WhiteElo "1408"]
[BlackElo "1886"]
[PlyCount "66"]
[EventDate "2015.11.30"]
[EventType "swiss"]
[EventRounds "9"]
[EventCountry "ESP"]
[SourceTitle "CBM 170 Extra"]
[Source "ChessBase"]
[SourceDate "2016.02.25"]
[SourceVersion "1"]
[SourceVersionDate "2016.02.25"]
[SourceQuality "1"]

1. d4 g6 2. Nf3 Bg7 3. Bf4 Nf6 4. e3 d6 5. h3 0-0 6. Be2 b6 7. c4 Bb7 8. Nc3 Nbd7 9. 0-0 Re8 10. Qc2 Nf8 11. Rad1 c6 12. e4 Ne6 13. Bh2 d5 14. e5 Nd7 15. b4 Nc7 16. Rfe1 Rc8 17. c5 Ne6 18. Qd2 bxc5 19. bxc5 Qa5 20. Nh4 Ba6 21. Bg4 Ndf8 22. f4 Bh6 23. Rf1 Bxf1 24. Rxf1 Rb8 25. g3 Qb4 26. Rd1 Qa3 27. Qe1 Rb4 28. f5 Nxd4 29. fxg6 hxg6 30. Nb1 Qb2 31. Ng2 Reb8 32. Nd2 Qxa2 33. h4 Rb2 0-1

[Event "Madrid-ch (Women)"]
[Site "Madrid"]
[Date "2013.12.19"]
[Round "3"]
[White "Di Pietro Moreno, Fatima"]
[Black "Astruga Medina, Carmen"]
[Result "1-0"]
[WhiteElo "1319"]
[BlackElo "1190"]
[PlyCount "97"]
[EventDate "2013.12.13"]
[EventType "swiss"]
[EventRounds "6"]
[EventCountry "ESP"]
[SourceTitle "EXT 2015"]
[Source "ChessBase"]
[SourceDate "2014.11.20"]
[SourceVersion "1"]
[SourceVersionDate "2014.11.20"]
[SourceQuality "1"]

1. d4 d5 2. e3 Nf6 3. Bd3 Nc6 4. f4 e6 5. Nf3 Bd6 6. c3 0-0 7. Nbd2 Ng4 8. Bxh7+ Kxh7 9. Ng5+ Kg8 10. Qxg4 e5 11. Qh5 Bf5 12. fxe5 Be7 13. h4 Bxg5 14. hxg5 f6 15. g6 Bxg6 16. Qxg6 Ne7 17. Qh7+ Kf7 18. exf6 Kxf6 19. Rf1+ Ke6 20. Qh3+ Rf5 21. e4 dxe4 22. Nxe4 Qd5 23. Nc5+ Kd6 24. Qg3+ Kc6 25. Rxf5 Nxf5 26. Qg6+ Nd6 27. Bf4 Re8+ 28. Kd2 b6 29. Bxd6 Rd8 30. Be7+ Rd6 31. Qe8+ Rd7 32. Nxd7 Qxg2+ 33. Kd3 Qf3+ 34. Kc2 Qg2+ 35. Kb3 Qd5+ 36. c4 Qxd7 37. Qxd7+ Kxd7 38. Re1 Ke8 39. Bg5+ Kf7 40. Re7+ Kg8 41. Rxc7 a5 42. Rb7 Kh7 43. Rxb6 g6 44. d5 Kg7 45. d6 Kf7 46. d7 Kg7 47. d8Q a4+ 48. Kxa4 Kh7 49. Rb7# 1-0

[Event "Madrid San Viator op 20th"]
[Site "Madrid"]
[Date "2013.04.07"]
[Round "1"]
[White "Uceda Martinez, Jacinto"]
[Black "Di Pietro Moreno, Fatima"]
[Result "1-0"]
[WhiteElo "1854"]
[BlackElo "1287"]
[PlyCount "77"]
[EventDate "2013.04.07"]
[EventType "swiss"]
[EventRounds "9"]
[EventCountry "ESP"]
[SourceTitle "EXT 2014"]
[Source "ChessBase"]
[SourceDate "2013.11.20"]
[SourceVersion "1"]
[SourceVersionDate "2013.11.20"]
[SourceQuality "1"]

1. e4 e6 2. d4 d5 3. exd5 exd5 4. Bd3 Nf6 5. h3 c5 6. c3 Nc6 7. Nf3 cxd4 8. cxd4 Qb6 9. 0-0 Be7 10. Re1 0-0 11. Nc3 Be6 12. a3 a5 13. Na4 Qa7 14. Bf4 Rac8 15. Nc3 g6 16. Qd2 Nh5 17. Bh6 Rfd8 18. Bc2 b6 19. Rad1 Qd7 20. Ng5 Bf8 21. Nxe6 fxe6 22. Bg5 Re8 23. Ba4 Bg7 24. Re2 Qf7 25. Bxc6 Rxc6 26. Rde1 Rc4 27. Nb5 Rc6 28. b3 Nf6 29. Bxf6 Bxf6 30. Qf4 Qe7 31. Qg4 Kg7 32. g3 h5 33. Qf4 g5 34. Qf3 Kg6 35. Qd3+ Kh6 36. a4 h4 37. Qe3 hxg3 38. fxg3 Qd8 39. Qf3 1-0